000
00207nam a22001097a 4500
041
_a
eng
080
_a
80
100
_a
Niles, O. S., Katterjohn, E.
245
_a
Focus.
650
_a
Reading
999
_c
281454
_d
281454
942
_c
BK